000 00644nam a22002052 4500
001 0000005835
005 20151217152006.0
008 070718s xx 000 0 eng d
020 _a0821345249 :
_cKES 1,250
040 _aKABU
_cKABU
050 0 _aHG178.33
_b.D44R63
100 1 _aRobinson, Marguerite S.
_@0000157068
245 1 4 _aThe Microfinance revolution :
_bsustainable finance for the poor.
260 _aWashington, DC :
_bWorld Bank,
_c2001.
300 _axlvii, 304 p.
650 0 _aMicrofinance
_zDeveloping countries.
_@0000157069
908 _a070718
950 _@1
999 _c7083
_d7083